000
00341pab a2200157 454500
008
180718b2014 xxu||||| |||| 00| 0 eng d
100
_a
Dogra, Bharat
245
_a
The path of revolution
260
_c
2014
300
_a
p.15-16.
362
_a
5 Apr
650
_a
Revolution
773
_a
Mainstream
908
_a
N
909
_a
103624
999
_c
103620
_d
103620